NRL Quiz - Statistics

General Stats
  • This quiz has been taken 94 times
  • The average score is 10 of 15
Answer Stats
Question Answer % Correct
What is the team mascot for Canterbury-Bankstown? Bulldogs
100%
Which one of these players played for the Melbourne Storm? Cameron Smith
91%
North Queensland had the nickname of what team? Cowboys
91%
Cronulla-Sutherland had the nickname of what? Sharks
91%
The NRL New Zealand team is also known as ______ . Warriors
91%
What NRL team has won the most premierships? Rabbitohs
82%
Western Suburbs had the mascot name of what? Magpies
73%
Illawarra's home ground in Wollongong was sponsored by which television network? WIN
73%
Where is Parramatta Eels home stadium? Bankwest Stadium
64%
What team has been in the NRL the longest? Rabbitohs
64%
What team has got the most wooden spoons? Eels
55%
What team did Peter Sterling play for? Parramatta
45%
Who won the NRL Premiership in 2000? Broncos
36%
Who has won more games of NRL, Parramatta or Manly? Parramatta - 303
36%
What year did the Manly Sea Eagles join the Nrl? 1947
27%
No matching quizzes found
Score Distribution
Percent of People with Each Score
Percentile by Number Answered
Your Score History
You have not taken this quiz